00506nam a2200133Ia 4500008004100000100001700041245010800058245005700166260005300223260000900276300001100285650001500296856006100311170221s9999 xx 000 0 und d aLi-Chen Lima 2aA Preliminary Study of the Effects of Personality Traits on Workplace Deviance in the Voluntary Sector  cLi-Chen Lima, Choon-Jin Teha, Benjamina Chan-Yin-Fah bInternational Review of Management and Marketing c2016 a6 : 7S xMarketing. uhttp://www.econjournals.com/index.php/irmm/issue/view/91